000 00332nam a2200133Ia 4500
008 240624s9999 xx 000 0 und d
041 _aeng
082 _a531 ARU
100 _aARULDHAS
245 _aCLASSICAL MECHANICS
260 _c2008
_aNew Delhi
_bPrentice-Hall of India
300 _axi, : 360 : p. : cm. ; 24
365 _cRS
_b36
999 _c9470
_d9470